00646nam a2200229Ia 4500008004100000041001200041082000800053082001100061100001800072100001100090245002400101260001100125260003500136260000900171300001500180365002500195650001700220650001700237942000700254999001900261952013600280150901s9999 xx 000 0 und d aEnglish a635 bWIN/GE aWinkler A J  eAuthor aGeneral viticulture aLondon bUniversity of California Press c1974 a710 Pages aRs .177 .50  afloriculture aHorticulture cBK c242606d242606 00104070aKAUCOAbKAUCOAd2022-03-03g177.50l1o635 WIN/GEpKAU-COA-2895 r2016-04-25 00:00:00s2016-04-18w2015-09-16yBK